000 00659nam a22002297a 4500
003 UA-OsUOA
001 97999
007 ta
008 20130409b un ||||| |||| 00| 0 ukr d
100 _aПаршина Е.
090 _a821.161.1
_bП18
942 _cBK
040 _aUA-OsUOA
_brus
_cUA-OsUOA
_dUA-OsUOA
245 _aДинамит для сеньориты
_bдокументальная повесть
300 _a304 с.
955 _a3
041 _arus
080 _a821.161.1
260 _aМ.
_bСоветский писатель
_c1989
650 7 _a82 Література. Літературознавство
_2UDC
999 _c384242
_d384242